[Event "Foxwoods op 16th"]
[Site "Ledyard"]
[Date "2024.03.28"]
[Round "3"]
[White "Fishbein, Alexander"]
[Black "Khanin, Semen"]
[Result "0-1"]
[WhiteElo "2387"]
[BlackElo "2564"]
[PlyCount "70"]
[EventDate "2024.03.27"]
[EventType "swiss"]
[EventRounds "9"]
[EventCountry "USA"]
[SourceTitle "CB14_2024"]
[SourceDate "2024.04.01"]
[SourceVersion "1"]
[SourceVersionDate "2024.04.01"]
[SourceQuality "1"]

1. c4 e6 2. Nf3 d5 3. g3 dxc4 4. Qa4+ Nd7 5. Qxc4 a6 6. Bg2 b5 7. Qc2 Bb7 8. 0-0 c5 9. a4 Ngf6 10. axb5 axb5 11. Rxa8 Bxa8 12. Na3 Bc6 13. d4 c4 14. b3 Be4 15. Qa2 Qa8 16. bxc4 b4 17. c5 Be7 18. Qb2 bxa3 19. Qxa3 Qd5 20. Qe3 0-0 21. Bh3 Qh5 22. Bg2 Ra8 23. Qg5 Qxg5 24. Bxg5 h6 25. Bxf6 Bxf6 26. e3 e5 27. dxe5 Be7 28. Rd1 Bxc5 29. Nh4 Bxg2 30. Kxg2 Nf8 31. Nf5 Ne6 32. Rd2 h5 33. h3 Ra4 34. Rb2 Re4 35. Rb8+ Nf8 0-1

[Event "Titled Tuesday intern op 12th Sep Late"]
[Site "Chess.com INT"]
[Date "2023.09.12"]
[Round "8"]
[White "Fishbein, Alexander"]
[Black "Bluebaum, Matthias"]
[Result "0-1"]
[WhiteElo "2378"]
[BlackElo "2670"]
[PlyCount "88"]
[EventDate "2023.09.12"]
[EventType "swiss (blitz)"]
[EventRounds "11"]
[EventCountry "USA"]
[SourceTitle "EXT 2024"]
[Source "ChessBase"]
[SourceDate "2023.10.10"]
[SourceVersion "1"]
[SourceVersionDate "2023.10.10"]
[SourceQuality "1"]

1. e4 e6 2. d4 d5 3. exd5 exd5 4. Nf3 Nc6 5. h3 a6 6. c3 Bf5 7. Bd3 Bxd3 8. Qxd3 Bd6 9. 0-0 Nge7 10. Nbd2 0-0 11. Re1 Ng6 12. g3 Qd7 13. Kg2 Rae8 14. Rxe8 Rxe8 15. Nf1 Nd8 16. Bd2 h6 17. Re1 Rxe1 18. Bxe1 Ne6 19. Bd2 c6 20. h4 h5 21. Kg1 Nef8 22. Ne3 f6 23. Qf5 Qxf5 24. Nxf5 Bc7 25. Kf1 Kf7 26. Ke2 Ne7 27. Nxe7 Kxe7 28. Kd3 Ke6 29. b3 Kf5 30. Nh2 Ne6 31. Nf1 g5 32. Ne3+ Kg6 33. Ng2 Ng7 34. hxg5 fxg5 35. f4 Nf5 36. fxg5 Bxg3 37. Ke2 Nh4 38. Ne3 Bf4 39. Nf1 Bxd2 40. Kxd2 Kxg5 41. Ke3 Kg4 42. c4 Nf5+ 43. Kd3 h4 44. cxd5 cxd5 0-1

[Event "Washington op 10th"]
[Site "Rockville"]
[Date "2023.08.12"]
[Round "1"]
[White "Senft, Sean"]
[Black "Fishbein, Alexander"]
[Result "0-1"]
[WhiteElo "2146"]
[BlackElo "2363"]
[PlyCount "114"]
[EventDate "2023.08.12"]
[EventType "swiss"]
[EventRounds "9"]
[EventCountry "USA"]
[SourceTitle "CBM 215 Extra"]
[Source "ChessBase"]
[SourceDate "2023.09.30"]
[SourceVersion "1"]
[SourceVersionDate "2023.09.30"]
[SourceQuality "1"]

1. d4 Nf6 2. c4 c5 3. d5 b5 4. Qc2 b4 5. e4 d6 6. Bd3 g6 7. f4 Bg7 8. Nf3 0-0 9. 0-0 Qc7 10. Nbd2 Nh5 11. f5 Nd7 12. Rb1 a5 13. fxg6 hxg6 14. Ng5 Ne5 15. Ndf3 Bg4 16. Nxe5 Bxe5 17. Be2 Qd7 18. Qd1 Bd4+ 19. Kh1 Bxe2 20. Qxe2 e6 21. Be3 e5 22. Nh3 f5 23. Bh6 f4 24. Bxf8 Rxf8 25. Ng5 Re8 26. Qf3 Qe7 27. Qg4 Nf6 28. Qe6+ Qxe6 29. dxe6 Ng4 30. h3 Ne3 31. Rfc1 Kg7 32. Nf3 Rxe6 33. Nd2 g5 34. Nf1 g4 35. Nxe3 Bxe3 36. Rf1 Rh6 37. Kh2 Kg6 38. Rbd1 Bd4 39. b3 Kg5 40. Rd3 Rh8 41. Rdd1 Rh7 42. Rd3 Rh6 43. Rdd1 a4 44. Rd3 Rh7 45. Rdd1 Ra7 46. Rd2 Ra8 47. Rc2 axb3 48. axb3 Ra3 49. Rb1 g3+ 50. Kh1 Kh4 51. Rd2 f3 52. gxf3 Kxh3 53. Rg2 Bf2 54. Rgg1 Bxg1 55. Kxg1 Ra2 56. Rd1 Rb2 57. Kf1 Kh2 0-1

[Event "Titled Tuesday intern op 01st Aug Late"]
[Site "Chess.com INT"]
[Date "2023.08.01"]
[Round "5"]
[White "Bold, Andre"]
[Black "Fishbein, Alexander"]
[Result "1-0"]
[WhiteElo "2194"]
[BlackElo "2363"]
[PlyCount "153"]
[EventDate "2023.08.01"]
[EventType "swiss (blitz)"]
[EventRounds "11"]
[EventCountry "USA"]
[SourceTitle "EXT 2024"]
[Source "ChessBase"]
[SourceDate "2023.10.10"]
[SourceVersion "1"]
[SourceVersionDate "2023.10.10"]
[SourceQuality "1"]

1. d4 Nf6 2. Nc3 d5 3. Bf4 e6 4. e3 Bd6 5. Bd3 Nc6 6. Nf3 Qe7 7. 0-0 e5 8. dxe5 Nxe5 9. Nxe5 Bxe5 10. Bxe5 Qxe5 11. h3 0-0 12. Rb1 c5 13. Be2 Be6 14. Bf3 Rad8 15. Ne2 d4 16. exd4 cxd4 17. Nc1 Bd5 18. Nd3 Qf5 19. Bxd5 Nxd5 20. Qg4 Qxg4 21. hxg4 Rc8 22. Rbc1 Rfe8 23. Rfe1 f6 24. g3 Rxe1+ 25. Nxe1 Nb4 26. a3 d3 27. axb4 d2 28. Rd1 dxe1Q+ 29. Rxe1 Rxc2 30. Re7 b5 31. Rb7 a6 32. g5 fxg5 33. Rb8+ Kf7 34. Rb7+ Kg6 35. Rb6+ Kf5 36. Rxa6 Rxb2 37. Ra7 Kg6 38. Ra6+ Kh5 39. Ra7 Kh6 40. g4 Rxb4 41. f3 Rb2 42. Ra6+ g6 43. Ra7 Rc2 44. Rb7 Rc5 45. Kg2 Rd5 46. Kg3 Rc5 47. Kg2 Rc8 48. Rxb5 Kg7 49. Rb7+ Kg8 50. Kg3 Rf8 51. Rc7 Rf7 52. Rc6 Kg7 53. Rb6 Ra7 54. Rc6 h5 55. Rc3 Kh6 56. Rb3 Ra2 57. Rc3 h4+ 58. Kh3 Rf2 59. Rb3 Kg7 60. Ra3 Kf6 61. Re3 Kf7 62. Ra3 Ke6 63. Re3+ Kd5 64. Rd3+ Ke5 65. Re3+ Kf4 66. Re4+ Kxf3 67. Re6 Rf1 68. Rf6+ Ke2 69. Rxg6 Rh1+ 70. Kg2 Rc1 71. Rxg5 h3+ 72. Kxh3 Kf3 73. Rf5+ Ke4 74. Rf2 Ke5 75. Kh4 Rc8 76. g5 Rh8+ 77. Kg4 1-0

[Event "Titled Tuesday intern op 01st Aug Late"]
[Site "Chess.com INT"]
[Date "2023.08.01"]
[Round "8"]
[White "Fishbein, Alexander"]
[Black "Bettalli, Francesco"]
[Result "1/2-1/2"]
[WhiteElo "2363"]
[BlackElo "2274"]
[PlyCount "130"]
[EventDate "2023.08.01"]
[EventType "swiss (blitz)"]
[EventRounds "11"]
[EventCountry "USA"]
[SourceTitle "EXT 2024"]
[Source "ChessBase"]
[SourceDate "2023.10.10"]
[SourceVersion "1"]
[SourceVersionDate "2023.10.10"]
[SourceQuality "1"]

1. e4 e5 2. Nf3 Nf6 3. Nxe5 Nc6 4. Nf3 Nxe4 5. d3 Nf6 6. d4 d5 7. c3 Bd6 8. Bd3 0-0 9. 0-0 h6 10. h3 Ne4 11. Nbd2 f5 12. Re1 Qf6 13. Nf1 g5 14. Ne3 Be6 15. c4 Ne7 16. Ne5 c5 17. cxd5 Nxd5 18. Nxd5 Bxd5 19. Nd7 Qxd4 20. Bxe4 Bxe4 21. Be3 Qxd1 22. Raxd1 Be7 23. Nxf8 Rxf8 24. Rd7 Rf7 25. Rc7 Bc6 26. Bd2 Bd6 27. Rxf7 Kxf7 28. Bc3 b5 29. Be5 Be7 30. f4 Be4 31. Kf2 Ke6 32. g3 gxf4 33. Bxf4 h5 34. h4 Bf6 35. b3 c4 36. bxc4 bxc4 37. Be3 a5 38. Ke2 Bc3 39. Bd2 Bb4 40. Bxb4 axb4 41. Ke3 Kd5 42. Rd1+ Kc5 43. Rd8 b3 44. axb3 cxb3 45. Rb8 Kc4 46. Kd2 Bc2 47. Kc1 Kc3 48. Rc8+ Kd3 49. Kb2 Ke4 50. Rg8 Bd1 51. Rg5 Bg4 52. Kxb3 Kf3 53. Kc3 Kxg3 54. Kd2 Kxh4 55. Rg8 Kg3 56. Ke1 Kg2 57. Rb8 h4 58. Rb2+ Kg1 59. Rf2 h3 60. Rf1+ Kg2 61. Rf2+ Kg3 62. Kf1 Bf3 63. Kg1 f4 64. Rb2 Bg2 65. Rxg2+ hxg2 1/2-1/2

[Event "Titled Tuesday intern op 01st Aug Late"]
[Site "Chess.com INT"]
[Date "2023.08.01"]
[Round "9"]
[White "Tulchynskyi, Feliks"]
[Black "Fishbein, Alexander"]
[Result "1-0"]
[WhiteElo "2228"]
[BlackElo "2363"]
[PlyCount "105"]
[EventDate "2023.08.01"]
[EventType "swiss (blitz)"]
[EventRounds "11"]
[EventCountry "USA"]
[SourceTitle "EXT 2024"]
[Source "ChessBase"]
[SourceDate "2023.10.10"]
[SourceVersion "1"]
[SourceVersionDate "2023.10.10"]
[SourceQuality "1"]

1. e4 c5 2. Nf3 d6 3. Bb5+ Bd7 4. Bxd7+ Nxd7 5. 0-0 Ngf6 6. Re1 e6 7. c3 Be7 8. d4 0-0 9. Bf4 d5 10. exd5 Nxd5 11. Bg3 cxd4 12. Nxd4 Bf6 13. Nb3 Rc8 14. N1d2 N7b6 15. Be5 Bxe5 16. Rxe5 Qf6 17. Re4 Rfd8 18. Qf3 Qxf3 19. Nxf3 Nc4 20. Rb1 a5 21. a4 Ndb6 22. Ne5 Nxb2 23. Nd4 N6xa4 24. Ree1 Rxc3 25. Ndf3 Rc2 26. Ng5 f6 27. Nxe6 Re8 28. Nf3 Nc3 29. Ned4 Ne2+ 30. Kf1 Nxd4 31. Rxe8+ Kf7 32. Nxd4 Rd2 33. Rb8 Nd3 34. R8xb7+ Kg6 35. Ne6 Rxf2+ 36. Kg1 Rd2 37. Rd7 Kf5 38. Nxg7+ Ke4 39. Ne6 Rc2 40. Rd4+ Ke3 41. Ra4 Rc6 42. Ng7 Nf4 43. Nf5+ Kd3 44. Rxf4 Rc2 45. Ra1 Rc5 46. Ra3+ Kc2 47. Rf2+ Kb1 48. Re3 a4 49. Re1+ Rc1 50. Rxc1+ Kxc1 51. Ra2 Kb1 52. Rxa4 Kb2 53. Ra6 1-0

[Event "Titled Tuesday intern op 20th Jun Late"]
[Site "Chess.com INT"]
[Date "2023.06.20"]
[Round "9"]
[White "Fishbein, Alexander"]
[Black "Berezin, Viktor1111"]
[Result "1-0"]
[WhiteElo "2366"]
[BlackElo "2307"]
[PlyCount "63"]
[EventDate "2023.06.20"]
[EventType "swiss (blitz)"]
[EventRounds "11"]
[EventCountry "USA"]
[SourceTitle "EXT 2024"]
[Source "ChessBase"]
[SourceDate "2023.10.10"]
[SourceVersion "1"]
[SourceVersionDate "2023.10.10"]
[SourceQuality "1"]

1. e4 g6 2. d4 Bg7 3. Nf3 d6 4. c3 Nf6 5. Bb5+ c6 6. Bd3 0-0 7. 0-0 Nbd7 8. Nbd2 e5 9. Re1 Qc7 10. a4 a5 11. Nc4 Rd8 12. Qc2 Nh5 13. Bg5 Re8 14. Rad1 Nf4 15. Bxf4 exf4 16. Qd2 Bh6 17. e5 dxe5 18. Nfxe5 Nxe5 19. dxe5 Be6 20. Nd6 Red8 21. Qe2 Bd5 22. Bc4 f3 23. gxf3 Bxc4 24. Qxc4 Qe7 25. e6 f5 26. Nf7 Rxd1 27. Rxd1 Bf8 28. Rd7 Qc5 29. Nh6+ Kh8 30. Qxc5 Bxc5 31. e7 Re8 32. Rd8 1-0

[Event "Titled Tuesday intern op 20th Jun Late"]
[Site "Chess.com INT"]
[Date "2023.06.20"]
[Round "5"]
[White "Hambleton, Aman"]
[Black "Fishbein, Alexander"]
[Result "0-1"]
[WhiteElo "2420"]
[BlackElo "2366"]
[PlyCount "50"]
[EventDate "2023.06.20"]
[EventType "swiss (blitz)"]
[EventRounds "11"]
[EventCountry "USA"]
[SourceTitle "EXT 2024"]
[Source "ChessBase"]
[SourceDate "2023.10.10"]
[SourceVersion "1"]
[SourceVersionDate "2023.10.10"]
[SourceQuality "1"]

1. d4 c5 2. d5 Nf6 3. c4 b5 4. cxb5 a6 5. bxa6 e6 6. Nc3 exd5 7. Nxd5 Be7 8. Nxe7 Qxe7 9. e3 0-0 10. Nf3 d5 11. Be2 Bxa6 12. 0-0 Nc6 13. b3 Bxe2 14. Qxe2 d4 15. Qc4 Na5 16. Qc2 Qe4 17. Qxe4 Nxe4 18. Nd2 Nc3 19. exd4 cxd4 20. Bb2 Rfe8 21. Nf3 Nc6 22. Kh1 Re2 23. Nxd4 Rxb2 24. Nxc6 Raxa2 25. Rac1 Rc2 0-1

[Event "Titled Tuesday intern op 20th Jun Late"]
[Site "Chess.com INT"]
[Date "2023.06.20"]
[Round "3"]
[White "Tymrakiewicz, Rafal"]
[Black "Fishbein, Alexander"]
[Result "0-1"]
[WhiteElo "2154"]
[BlackElo "2366"]
[PlyCount "92"]
[EventDate "2023.06.20"]
[EventType "swiss (blitz)"]
[EventRounds "11"]
[EventCountry "USA"]
[SourceTitle "EXT 2024"]
[Source "ChessBase"]
[SourceDate "2023.10.10"]
[SourceVersion "1"]
[SourceVersionDate "2023.10.10"]
[SourceQuality "1"]

1. d4 Nf6 2. Bg5 Ne4 3. Bf4 c5 4. d5 Qb6 5. Nc3 Qxb2 6. Nxe4 Qb4+ 7. Qd2 Qxe4 8. Rb1 d6 9. f3 Qd4 10. e4 Qxd2+ 11. Bxd2 e5 12. Ne2 Be7 13. Nc3 0-0 14. Nb5 Na6 15. Na3 b6 16. g4 Nc7 17. Nb5 Nxb5 18. Bxb5 Rb8 19. c4 a6 20. Bc6 Bb7 21. Ba4 b5 22. cxb5 axb5 23. Bxb5 Ba6 24. a4 Bxb5 25. axb5 Rb7 26. Ke2 Rfb8 27. Kd3 Rxb5 28. Rxb5 Rxb5 29. Kc2 h6 30. Ra1 Rb8 31. Ra6 Rd8 32. Ra7 Bg5 33. Ba5 Re8 34. Bc7 Be7 35. Ra6 Rc8 36. Bxd6 Bf6 37. Rc6 Ra8 38. Bxc5 Ra2+ 39. Kb3 Rxh2 40. d6 Rh3 41. d7 Rxf3+ 42. Kc4 Bg5 43. Rc8+ Kh7 44. d8Q Bxd8 45. Rxd8 Rf4 46. Kd5 f6 0-1

[Event "Norway Chess op"]
[Site "Stavanger"]
[Date "2023.06.03"]
[Round "10"]
[White "Vaishali, Ramesh Babu"]
[Black "Fishbein, Alexander"]
[Result "1-0"]
[WhiteElo "2418"]
[BlackElo "2366"]
[PlyCount "147"]
[EventDate "2023.05.27"]
[EventType "swiss"]
[EventRounds "10"]
[EventCountry "NOR"]
[SourceTitle "CBM 214 Extra"]
[Source "ChessBase"]
[SourceDate "2023.07.31"]
[SourceVersion "1"]
[SourceVersionDate "2023.07.31"]
[SourceQuality "1"]

1. e4 e5 2. Nf3 Nc6 3. Bc4 Nf6 4. d3 Be7 5. 0-0 0-0 6. Re1 d6 7. a3 h6 8. Nbd2 Re8 9. b4 a6 10. Bb2 Bf8 11. Nf1 b5 12. Ba2 a5 13. c4 bxc4 14. b5 Na7 15. dxc4 Be6 16. Bc3 Nc8 17. c5 Bxa2 18. Rxa2 Qd7 19. a4 dxc5 20. Rd2 Qe6 21. Nxe5 c4 22. Qc2 Nb6 23. Nc6 Bb4 24. Bxb4 axb4 25. a5 b3 26. Qc1 Nbd7 27. Nd4 Qe5 28. Qxc4 b2 29. Nc6 Qc5 30. Qxc5 Nxc5 31. f3 Nb3 32. Rxb2 Nxa5 33. Rc1 Nxc6 34. bxc6 Ra3 35. Nd2 Ra6 36. Rb7 Rd8 37. Nf1 Ne8 38. Ne3 Rd2 39. h4 Raa2 40. Rb8 Kf8 41. h5 f6 42. Kh2 Kf7 43. Kg3 Nd6 44. Rb7 Ne8 45. Kf4 Ra4 46. Rc5 Ra8 47. Rd5 Rxd5 48. exd5 Ra4+ 49. Kg3 Rd4 50. Ra7 f5 51. f4 Rd3 52. Kf2 Rd2+ 53. Kf3 Kf6 54. g4 fxg4+ 55. Nxg4+ Ke7 56. Ne3 Rh2 57. Nf5+ Kf6 58. Ra8 Kxf5 59. Rxe8 Rh3+ 60. Ke2 Rc3 61. Re7 Rc5 62. Ke3 Rxd5 63. Rxg7 Rc5 64. Rxc7 Ke6 65. Rh7 Rxh5 66. c7 Rc5 67. Rxh6+ Kd7 68. Kd4 Rc1 69. Rh7+ Ke6 70. f5+ Kxf5 71. Kd5 Kg6 72. Rd7 Kf5 73. Kd6 Kf6 74. Rd8 1-0

[Event "Norway Chess op"]
[Site "Stavanger"]
[Date "2023.05.28"]
[Round "3"]
[White "Fishbein, Alexander"]
[Black "Sokolovsky, Yahli"]
[Result "0-1"]
[WhiteElo "2366"]
[BlackElo "2461"]
[PlyCount "94"]
[EventDate "2023.05.27"]
[EventType "swiss"]
[EventRounds "10"]
[EventCountry "NOR"]
[SourceTitle "CBM 214 Extra"]
[Source "ChessBase"]
[SourceDate "2023.07.31"]
[SourceVersion "1"]
[SourceVersionDate "2023.07.31"]
[SourceQuality "1"]

1. d4 Nf6 2. c4 g6 3. Nc3 Bg7 4. Nf3 d6 5. g3 Bf5 6. Bg2 Ne4 7. Ng5 Nxc3 8. bxc3 Nc6 9. e4 Bd7 10. f4 e5 11. Be3 Qe7 12. 0-0 0-0 13. Qd3 Rae8 14. fxe5 dxe5 15. d5 Na5 16. c5 Bh6 17. d6 cxd6 18. cxd6 Qd8 19. Nf3 Bxe3+ 20. Qxe3 b6 21. Rf2 Kg7 22. Bf1 Qc8 23. Rd1 f6 24. Ne1 Qc6 25. Nc2 Qa4 26. Qd3 Nb7 27. Re1 Re6 28. Nb4 Rxd6 29. Qe3 Be6 30. Bd3 Qa3 31. Bc2 a5 32. Nd5 Bxd5 33. exd5 Rc8 34. Qe2 Qxc3 35. Ref1 Qd4 36. Rd1 Qc4 37. Qe3 Nc5 38. h4 Qg4 39. Rdf1 Qd4 40. Qe2 Qxd5 41. h5 e4 42. Qg4 Rf8 43. Rd1 Nd3 44. Bxd3 exd3 45. Re1 d2 46. h6+ Kxh6 47. Qf4+ g5 0-1

[Event "Titled Tuesday intern op 23rd May Late"]
[Site "Chess.com INT"]
[Date "2023.05.23"]
[Round "2"]
[White "Fishbein, Alexander"]
[Black "Ibarra Jerez, Jose Carlos"]
[Result "1/2-1/2"]
[WhiteElo "2366"]
[BlackElo "2563"]
[PlyCount "188"]
[EventDate "2023.05.23"]
[EventType "swiss (blitz)"]
[EventRounds "11"]
[EventCountry "USA"]
[SourceTitle "EXT 2024"]
[Source "ChessBase"]
[SourceDate "2023.10.10"]
[SourceVersion "1"]
[SourceVersionDate "2023.10.10"]
[SourceQuality "1"]

1. e4 c5 2. Nf3 Nc6 3. d4 cxd4 4. Nxd4 e5 5. Nb5 d6 6. N1c3 a6 7. Na3 Be6 8. Nc4 Rb8 9. Nd5 Bxd5 10. exd5 Nce7 11. a4 Nf6 12. Be2 Nexd5 13. Bf3 Nb6 14. Nxb6 Qxb6 15. 0-0 Be7 16. a5 Qc7 17. Be3 0-0 18. Bb6 Qd7 19. c4 e4 20. Be2 d5 21. Rc1 Rbc8 22. cxd5 Qxd5 23. Qxd5 Nxd5 24. Rfd1 Nxb6 25. axb6 Bc5 26. Bg4 f5 27. b4 Bxb6 28. Rxc8 Rxc8 29. Bxf5 Rf8 30. Bxe4 Bxf2+ 31. Kh1 b6 32. g3 a5 33. bxa5 bxa5 34. Rf1 a4 35. Kg2 Bc5 36. Bd5+ Kh8 37. Rxf8+ Bxf8 38. Kf3 g6 39. h4 Kg7 40. Ba2 Kf6 41. g4 Ke5 42. Bg8 a3 43. Ke3 Bc5+ 44. Kf3 Be7 45. h5 g5 46. Ke3 Bc5+ 47. Kf3 h6 48. Bf7 Kd4 49. Bg8 Bf8 50. Bf7 Bg7 51. Bg8 Bf8 52. Bf7 Kd3 53. Bg8 Be7 54. Bf7 Bd8 55. Bg8 Bc7 56. Bf7 Bb6 57. Bg8 Bc5 58. Bf7 Bb4 59. Bg8 Bf8 60. Bf7 Kc3 61. Ke4 Kd2 62. Kf5 Ke3 63. Bg8 Kf3 64. Bf7 Kg3 65. Bg8 Be7 66. Bf7 Bd6 67. Bg8 Bb4 68. Be6 Bc3 69. Bf7 Bb4 70. Be6 Bf8 71. Bf7 Kf3 72. Be6 Ke3 73. Bg8 Kd4 74. Bf7 Kd3 75. Bg8 Kd4 76. Be6 Kc5 77. Bg8 Kd6 78. Bf7 Ke7 79. Ba2 Bg7 80. Bb3 Bc3 81. Kg6 Be5 82. Kxh6 Kf6 83. Kh7 Ke7 84. Kg6 Bf6 85. h6 Bh8 86. Kxg5 Kf8 87. Kg6 Bc3 88. g5 Bd2 89. Kh5 Be3 90. Kg4 Bd2 91. Kf5 Bc1 92. Kg6 Bd2 93. Kf6 Bc1 94. Kg6 Bd2 1/2-1/2